000 01192nab a2200217 i 4500
001 768714001
003 CO-MdFUSB
005 20240514105424.0
008 240510t1970 sp ||||| |||| 00| 0 spa d
040 _bspa
_cCO-MdFUSB
_dCO-MdFUSB
041 _aspa
100 _aBerry, Thomas,
_eautor
245 3 _aEl problema del mal moral y de la culpa en el budismo primitivo
_c/ Thomas Berry
520 _aSegún el budismo, el hombre vive en un universo moral en todas las dimensiones de su estructura. No hubo un comienzo del orden de las cosas que disten, sino que las determinaciones de la realidad, tal como nosotros las conocemos, fueron obra de las acciones humanas responsables, aun cuando cotas acciones fuesen ejecutadas bajo el influjo de una omnímoda falta de entendimiento conocida por el término de avidya.
650 0 _aBien y mal
_9936
650 2 _aConciencia (Moral)
_9927
650 0 _aCristianismo y otras religiones
_xBudismo
_9960
773 0 _049450
_982619
_oR2546
_tRevista internacional de teología Concilium
_w(CO-MdFUSB)8
_x0210-1041
_gNúmero 56, (junio, 1970), páginas: 442 - 448
_qpágina: 442
942 _cANA
945 _aCatherine Arias Alvarez - Practicante SENA
999 _c69683
_d69683